Chemical and biologycal control on fusarium in tomato seedbed, (ការប្រើវិធានការគីមី និងជីវសាស្រ្តក្នុងការកម្ចាត់ផ្សិតហ្វុយសារីយ៉ូម នៅលើថ្នាលចណ្ដុះកូនប៉េងប៉ោះ) (Record no. 1383)

000 -LEADER
fixed length control field 00697nam a22001337a 4500
040 ## - CATALOGING SOURCE
Transcribing agency RUA
082 ## - DEWEY DECIMAL CLASSIFICATION NUMBER
Classification number AGR SOR 2013 B056 Or.1
100 ## - MAIN ENTRY--AUTHOR NAME
Personal name SOR SARIKA
245 ## - TITLE STATEMENT
Title Chemical and biologycal control on fusarium in tomato seedbed, (ការប្រើវិធានការគីមី និងជីវសាស្រ្តក្នុងការកម្ចាត់ផ្សិតហ្វុយសារីយ៉ូម នៅលើថ្នាលចណ្ដុះកូនប៉េងប៉ោះ)
260 ## - PUBLICATION, DISTRIBUTION, ETC. (IMPRINT)
Place of publication phnom penh
Name of publisher RUA
Year of publication 2013
300 ## - PHYSICAL DESCRIPTION
Number of Pages xiii, 53p.
Other physical details ill.
Dimensions 29cm.
856 ## - ELECTRONIC LOCATION AND ACCESS
Uniform Resource Identifier https://drive.google.com/file/d/1GZdb2wWEQFoVAPd5HQG2UJkG9eU59pKA/view?usp=sharing
942 ## - ADDED ENTRY ELEMENTS (KOHA)
Koha item type AGR
952 ## - LOCATION AND ITEM INFORMATION (KOHA)
Withdrawn status [LOCAL, KOHA] 0
952 ## - LOCATION AND ITEM INFORMATION (KOHA)
Withdrawn status [LOCAL, KOHA] 0
952 ## - LOCATION AND ITEM INFORMATION (KOHA)
Withdrawn status [LOCAL, KOHA] 0
952 ## - LOCATION AND ITEM INFORMATION (KOHA)
Withdrawn status [LOCAL, KOHA] 0
952 ## - LOCATION AND ITEM INFORMATION (KOHA)
Withdrawn status [LOCAL, KOHA] 0
952 ## - LOCATION AND ITEM INFORMATION (KOHA)
Withdrawn status [LOCAL, KOHA] 0
952 ## - LOCATION AND ITEM INFORMATION (KOHA)
Withdrawn status [LOCAL, KOHA] 0
952 ## - LOCATION AND ITEM INFORMATION (KOHA)
Withdrawn status [LOCAL, KOHA] 0
952 ## - LOCATION AND ITEM INFORMATION (KOHA)
Withdrawn status [LOCAL, KOHA] 0
952 ## - LOCATION AND ITEM INFORMATION (KOHA)
Withdrawn status [LOCAL, KOHA] 0
952 ## - LOCATION AND ITEM INFORMATION (KOHA)
Withdrawn status [LOCAL, KOHA] 0
Holdings
Permanent Location Date acquired Koha item type Lost status Shelving location Barcode Current Location Full call number
Library Block B2015-09-28AGR B056RUA005432Library Block BAGR SOR 2013 B056 Or.1
Library Block B2015-09-28AGR B056RUA004627Library Block BAGR SOR 2013 B056 Or.2
Library Block B2015-09-28AGR B056RUA006828Library Block BAGR SOR 2013 B056 Or.3
Library Block B2015-09-28AGR B056RUA006900Library Block BAGR SOR 2013 B056 Or.4
Library Block B2015-09-28AGR B056RUA006824Library Block BAGR SOR 2013 B056 Or.5
Library Block B2015-09-28AGR B056RUA006896Library Block BAGR SOR 2013 B056 Or.6
Library Block B2015-09-28AGR B056RUA006594Library Block BAGR SOR 2013 B056 Or.7
Library Block B2015-09-28AGR B056RUA006589Library Block BAGR SOR 2013 B056 Or.8
Library Block B2019-02-11AGR B1.218A40364Library Block BAGR SOR 2013 B1.218 Or.1
Library Block B2022-10-24AGR B1.218a41461Library Block BAGR SOR 2013 B056 Or.2
Library Block B2022-10-24AGR B1.218a41290Library Block BAGR SOR 2013 B056 Or.3
មជ្ឈមណ្ឌលឯការនៃសាកលវិទ្យាល័យភូមិន្ទកសិកម្មចំការដូង

Powered by Koha